Commidity and financial derivatives / (Record no. 53213)

MARC details
000 -LEADER
fixed length control field 01848nam a22003137a 4500
005 - DATE AND TIME OF LATEST TRANSACTION
control field 20110627105825.0
010 ## - LCCN (DPL NO)
LC control number ENG-102654 B-447414-418
020 ## - INTERNATIONAL STANDARD BOOK NUMBER
Terms of availability 250.00
International Standard Book Number 9788120341623
035 ## - SYSTEM CONTROL NUMBER
System control number EN-86187 B-447414-418
037 ## - SOURCE OF ACQUISITION
Source of stock number/acquisition DBAD / PUB
037 ## - SOURCE OF ACQUISITION
Source of stock number/acquisition K.K.Pub/Ven
082 ## - DEWEY DECIMAL CLASSIFICATION NUMBER
Classification number 332.64
100 ## - MAIN ENTRY--PERSONAL NAME
Personal name Kevin, S.
245 ## - TITLE STATEMENT
Title Commidity and financial derivatives /
Statement of responsibility, etc by S. Kevin
260 ## - PUBLICATION, DISTRIBUTION, ETC. (IMPRINT)
Place of publication, distribution, etc New Delhi
Name of publisher, distributor, etc PHI Learning
Date of publication, distribution, etc 2010
270 ## - ADDRESS
Address M-97, Connaught Circus
City New Delhi
Postal code 110001
300 ## - PHYSICAL DESCRIPTION
Extent xiii,246p.
Dimensions 24cm (pbk)
500 ## - GENERAL NOTE
General note Includes index.
700 ## - ADDED ENTRY--PERSONAL NAME
9 (RLIN) 28520
710 ## - ADDED ENTRY--CORPORATE NAME
9 (RLIN) 28535
942 ## - ADDED ENTRY ELEMENTS (KOHA)
Source of classification or shelving scheme Dewey Decimal Classification
Item type English Books
Call number suffix KEV
Classification part 332.64
Holdings
Withdrawn status Lost status Not for loan Collection code Home library Current library Date acquired Source of acquisition Cost, normal purchase price Full call number Barcode Copy number Cost, replacement price Koha item type
      Non-fiction Bawana Bawana 12/04/2012 K.K.Pub/1318/23.09.2011/03/23.09.2011/09.11.2011 250.00 332.64 KEV B-447417 1 250.00 English Books
  Lost and Paid For   Non-fiction Central Library Central Library 12/04/2012 K.K.Pub/1318/23.09.2011/03/23.09.2011/09.11.2011 250.00 332.64 KEV B-447414 1 250.00 English Books
    Not For Loan Non-fiction D.B.Act.Division D.B.Act.Division 27/06/2011 DBAD/PUB 250.00 332.64 KEV EN-86187 1 250.00 English Books
  Written-off vide DLB M. No. 383 dt 16.05.19   Non-fiction Patel Nagar Patel Nagar 12/04/2012 K.K.Pub/1318/23.09.2011/03/23.09.2011/09.11.2011 250.00 332.64 KEV B-447415 1 250.00 English Books
      Non-fiction Sarojini Nagar Sarojini Nagar 12/04/2012 K.K.Pub/1318/23.09.2011/03/23.09.2011/09.11.2011 250.00 332.64 KEV B-447416 1 250.00 English Books
      Non-fiction Shahdara Branch Shahdara Branch 12/04/2012 K.K.Pub/1318/23.09.2011/03/23.09.2011/09.11.2011 250.00 332.64 KEV B-447418 1 250.00 English Books

© Delhi Public Library
Hit Counter
free hit counter